000 00722cam a22002293a 4500
001 8542
003 PGUSA
005 20140828083201.0
008 050701s2005||||xxu|||||s|||||000 | eng d
040 _aPGUSA
_beng
042 _adc
050 4 _aTX
100 1 _aGurney, Lydia Maria
245 1 0 _aThings Mother Used to Make :
_bA Collection of Old Time Recipes, Some Nearly One Hundred Years Old and Never Published Before
_h[electronic resource] /
_cLydia Maria Gurney
260 _bProject Gutenberg,
_c2005
506 _aPublic domain in the USA.
516 _aElectronic text
653 _aCooking, American
830 0 _aProject Gutenberg
_v8542
856 4 0 _uhttp://www.gutenberg.org/ebooks/8542
942 _cEB
999 _c237842
_d237842